Memoria de la sesión pública que celebró la Real Academia de Bellas Artes de San Carlos de Valencia el dia 4 de octubre de 1896 con motivo de la apertura del curso de 1896 á 1897. (Record no. 163017)

MARC details
000 -LEADER
campo de control de longitud fija 00907nam a22001935i 4500
001 - NÚMERO DE CONTROL
campo de control 163017
003 - IDENTIFICADOR DE NÚMERO DE CONTROL
campo de control ES-MaACL
005 - FECHA Y HORA DE LA ÚLTIMA TRANSACCIÓN
campo de control 20230906212641.0
008 - DATOS DE LONGITUD FIJA--INFORMACIÓN GENERAL
campo de control de longitud fija 050916s1896 sp | |||||||| ||spa d
040 ## - FUENTE DE CATALOGACIÓN
Centro catalogador/agencia de origen CAM
Lengua de catalogación spa
Centro/agencia transcriptor CAM
110 2# - ENTRADA PRINCIPAL--NOMBRE DE ENTIDAD CORPORATIVA
Nombre de entidad corporativa o nombre de jurisdicción como elemento de entrada Real Academia de Bellas Artes de San Carlos (Valencia)
9 (RLIN) 6290
245 10 - MENCIÓN DEL TÍTULO
Título Memoria de la sesión pública que celebró la Real Academia de Bellas Artes de San Carlos de Valencia el dia 4 de octubre de 1896 con motivo de la apertura del curso de 1896 á 1897.
260 ## - PUBLICACIÓN, DISTRIBUCIÓN, ETC.
Lugar de publicación, distribución, etc. Valencia :
Nombre del editor, distribuidor, etc. [s.n.],
Fecha de publicación, distribución, etc. 1896 (
Fabricante Imprenta de Federico Domenech)
300 ## - DESCRIPCIÓN FÍSICA
Extensión 28 p. ;
Dimensiones 26 cm.
594 ## - Nota al título y mención de responsabilidad
Nota al título y mención de responsabilidad Memoria leida por Luis Tramoyeres Blasco.
610 24 - PUNTO DE ACCESO ADICIONAL DE MATERIA--NOMBRE DE ENTIDAD CORPORATIVA
Nombre de entidad corporativa o nombre de jurisdicción como elemento de entrada Real Academia de Bellas Artes de San Carlos (Valencia)-
Subdivisión de forma Memorias.
9 (RLIN) 151459
700 1# - ENTRADA AGREGADA--NOMBRE PERSONAL
Nombre de persona Tramoyeres Blasco, Luis.
9 (RLIN) 111218
852 ## - LOCALIZACIÓN
Ubicación ES-MaACL
Número de control de estantería T-842-F-5
Nota libre -- Enc. hol. conservando la cub. original
-- -- Enc. en un vol. facticio
Holdings
Estatus retirado Estado de pérdida Estado de daño No para préstamo Colección Biblioteca de origen Biblioteca actual Ubicación en estantería Fecha de adquisición Total de préstamos Signatura topográfica completa Código de barras Visto por última vez Precio de reemplazo Tipo de ítem Koha
        Colección de folletos Biblioteca del Ateneo de Madrid Biblioteca del Ateneo de Madrid Depósito folletos 17/01/2008   T-842-F-5 1170799 23/02/2023 23/02/2023 Folleto